Đào Duy Anh : Một nhà văn hóa lớn, một nhà sử học /

Đã lưu trong:
書目詳細資料
主要作者: Văn Tân.
格式: Bài viết
語言:Vietnamese
主題:
標簽: 添加標簽
沒有標簽, 成為第一個標記此記錄!
Thư viện lưu trữ: Thư viện Trường Đại học Đà Lạt
LEADER 00752nam a2200265 4500
001 DLU090086790
005 ##20090928
040 # # |a DLU  |b vie 
041 # # |a vie 
044 # # |a vn 
100 # # |a Văn Tân.  
245 # # |a Đào Duy Anh :  |b Một nhà văn hóa lớn, một nhà sử học /  |c Văn Tân.  
653 # # |a Danh nhân văn hóa 
653 # # |a Sử gia 
653 # # |a Sử học 
773 # # |t Nghiên cứu lịch sử  |g Số 3+4(240-241), 1988, tr. 68-69 
920 # # |a Phòng Tạp chí -- Trung tâm Thông tin - Thư viện Trường Đại học Đà Lạt 
994 # # |a DLU 
900 # # |a True 
911 # # |a Nguyễn Thị Linh Chi 
925 # # |a G 
926 # # |a A 
927 # # |a BB 
980 # # |a Thư viện Trường Đại học Đà Lạt